000 nam a22 a 4500
999 _c21141
_d21141
003 BLK
005 20230413162203.0
008 180413b bul|||||r ||||||| ||bul||
010 _aKNG00023411000
040 _aBLK
041 _aBUL
_cBUL
080 _aМакроикономика. Микроикономика
_b330.101.54
_x(075.8)
_z330.101.54(075.8)
100 1 _aИванова, Донка
_eпърви автор
_9265436
139 _aОбща икономическа теория - Макроикономика
_bО 25
245 1 0 _aОбща икономическа теория - Макроикономика
_bЛекции за студентите от ТУ - Варна
_cДонка Иванова.
257 _aBGR
260 _aВарна
_bТУ
_c1992
300 _a128 с.
_bс табл., черт., сх.
_c19 см
380 _a3
500 _aДруги авт. : Т. Владимирова, Д. Павлова, Св. Лесидренска, М. Петкова, Т. Енев. - Офс. изд. - 400 тир.
650 4 _aМакроикономика - учебници за ВУЗ
_9244890
653 _aмакроикономика
852 _aЦб 173127
_bЦб
856 4 _qpdf
_u
_i0.00
_ldisable
856 4 _qpdf
_u
_i0.00
_ldisable
942 _cKNG
_n0
_01
_s1
944 _aCR
_c05.06.2003
_kКети_Илиева
944 _aED
_c10.06.2005
999 _d21141